000 00626nam a2200181Ia 4500
008 100921s9999 xx 000 0 und d
082 _b26349
_a891.463 थ 94
100 _aरानडे जयंत.
245 _aकिडनॅपर्स.
260 _bराजेंद्र प्रकाशन, पुणे.
_c1994
300 _a144
_bरसिक साहित्य,पुणे
365 _b60
520 _aललित-कादंबरी.
630 _aकिडनॅपर्स.
650 _aललित-कादंबरी.
730 _aकिडनॅपर्स.
942 _cBOOK
999 _c775462
_d775459